00778 a2200205 4500001000700000020001800007040003200025100001900057245003700076250001400113260001900127300003300146362000900179490002400188520028300212650001200495650001600507650002400523650002500547119713 a9781407145396 cEscola Canadense de Niteroi aCarroll, Lewis10aAlice's adventures in wonderland a1st. ed.  aUnited Kingdom a131 p.c9 x 10 x 1.85 inches0 a20140 aScholastic Classics aThis is the story of Alice, a girl who falls down a rabbit hole into an amazing world known as Wonderland. Here she will have the most marvellous adventures including meeting a rabbit with a pocket watch, playing croquet with the queen and going to the Mad Hatter’s tea party. 4aFantasy 4aImagination 4aAction or Adventure 4aJuvenile Literature